000 04710cam a2200973 a 4500
999 _c56143
001 9876395
003 LIBRIS
005 20210301122915.0
008 050508s2005 sw |||||||||||000 0|swe|
020 _a9185225517
_qinb.
035 _a(Bo)373491
035 _a(Mo)b1561739
040 _aLGEN
_dNB
_ea
041 _aswe
082 0 4 _a613.710846
_223/swe
084 _aRag
_2kssb/7
084 _aRag
_2kssb/7
100 1 _aMalmros Manfrinato, Louise,
_d1965-
_0https://libris.kb.se/rp3580k95rn0drj#it
245 1 0 _aI form efter 60 :
_b[motionera dig glad, stark och smärtfri, hitta din träningsform, träningsprogram att utöva hemma, träning som ger livsglädje] /
_cLouise Malmros Manfrinato ; [foto: Karin Oddner].
264 1 _aStockholm :
_bFitnessförlaget,
_c2005
264 3 _aItalien
300 _a128 s.
_bfärgill.
_c23 cm
340 _b23 cm
500 _5Mo
_asvenska
541 _5E
650 7 _aMotion
_0https://id.kb.se/term/sao/Motion
_2sao
650 0 _aExercise
650 7 _aMotion
_0https://id.kb.se/term/sao/Motion
_2sao
653 _aHälsa
653 _aTräning
655 4 _5Mo
_aBok
700 1 _aOddner, Karin,
_d1957-
_4pht
_0https://libris.kb.se/0xbflw9j10w1l79#it
887 _a{"@id":"tb430xx507vz8kk","modified":"2016-07-28T16:59:57+02:00","checksum":"22797725932"}
_2librisxl
887 _a{"@id":"hmvrjrrn2xf7l8g","modified":"2016-01-25T11:55:34+01:00","checksum":"43708199711"}
_2librisxl
887 _a{"@id":"04bzdk3517lgt4n","modified":"2014-04-01T11:19:38+02:00","checksum":"32891913649"}
_2librisxl
887 _a{"@id":"rw3d1h9x0s8jk06","modified":"2011-08-10T14:43:10+02:00","checksum":"26436771872"}
_2librisxl
887 _a{"@id":"04b9g5155kls34p","modified":"2008-08-25T09:48:15+02:00","checksum":"41972161968"}
_2librisxl
887 _a{"@id":"lqxbv5wr5vd4d88","modified":"2012-04-03T09:55:12+02:00","checksum":"41403474238"}
_2librisxl
887 _a{"@id":"chpm0k5j3kt4028","modified":"2008-03-11T13:37:25+01:00","checksum":"37862430240"}
_2librisxl
887 _a{"@id":"djqklglk2j96mss","modified":"2016-03-07T09:55:32+01:00","checksum":"20057028742"}
_2librisxl
887 _a{"@id":"15b51nz639j6xtn","modified":"2005-10-12T08:24:09+02:00","checksum":"48826361733"}
_2librisxl
887 _a{"@id":"8dmfzpff57gfs27","modified":"2015-06-22T10:34:22+02:00","checksum":"43908037983"}
_2librisxl
887 _a{"@id":"x288vbf3418t8dx","modified":"2009-03-03T14:55:43+01:00","checksum":"50315644229"}
_2librisxl
887 _a{"@id":"frpcpn6zcjwv9fm2","modified":"2020-02-17T12:19:26.066+01:00","checksum":"51298476000"}
_2librisxl
887 _a{"@id":"glrlhw4m33kqk7g","modified":"2005-10-21T13:53:43+02:00","checksum":"45890862061"}
_2librisxl
887 _a{"@id":"mrxrlk9s0qhcfkl","modified":"2005-09-30T14:01:22+02:00","checksum":"45844198455"}
_2librisxl
887 _a{"@id":"sx3xjc1z3kgb1bb","modified":"2005-06-23T14:51:39+02:00","checksum":"40245216751"}
_2librisxl
887 _a{"@id":"z3832534066d516","modified":"2017-02-15T16:26:46+01:00","checksum":"36880649487"}
_2librisxl
887 _a{"@id":"37fxww882tzkdz4","modified":"2013-05-03T15:02:43+02:00","checksum":"21841699844"}
_2librisxl
900 1 s _6100
_d1965-
_uMalmros Manfrinato, Louise,
_d1965-
942 _2z
_cBOOK